000 00773nam a2200229Ia 4500
003 OSt
005 20220923212147.0
006 a|||||r|||| 00| 0
007 ta
008 220922b |||||||| |||| 00| 0 hin d
024 _a151,253
037 _cTextual
040 _aARTS
_cARTS
_bhin
041 _2hin
_ahin
082 _aMK311v2:N5, 152H9.1-H9.2
100 _aगुप्त, सतीश चन्द्र
245 0 _aभारत मे ग्रंथ, रामवल्लभ चतुर्वेदी अनु
246 _aBhārat me grantha, rāmavallabh chaturvedī anu0
260 _c1949
942 _hMK311v2:N5, 152H9.1-H9.2
_cTEXL
_2CC
999 _c306926
_d306926